000 00499nab a22001457 4500
003 ES-SlBCS
005 20220625200802.0
008 220625s2022 sp ||||| |||| 00| 0 gag d
040 _aES-SlBCS
_bspa
041 _agag
100 1 _aCarriedo Tejedo, Manuel
_967731
245 1 0 _aCronología de los obispos lucenses del siglo VIII
_b: (1) Advenimiento de Odario "el Africano"
_cManuel Carriedo Tejedo
773 0 _gVol. 32, núm. 64, 2022, págs. 75-98
_tLucensia
_wRev259
_x1130-6831
942 _2lcc
_cAR
999 _c881951
_d881951